Complete simulación dinámica de marketing / A. J. Faria, E. O. Nulsen y D. S. Roussos (Registro nro. 6210)

Detalles MARC
000 -LEADER
fixed length control field 00582nam a22002171a 4500
001 - CONTROL NUMBER
control field 6210
003 - CONTROL NUMBER IDENTIFIER
control field OSt
005 - DATE AND TIME OF LATEST TRANSACTION
control field 20260204212043.0
008 - FIXED-LENGTH DATA ELEMENTS--GENERAL INFORMATION
fixed length control field 060313s1996||||mx ||||||b||||||||||spa||
020 ## - NUMERO DE LIBRO INTERNACIONAL NORMALIZADO
International Standard Book Number 8480862513
050 ## - LIBRARY OF CONGRESS CALL NUMBER
Classification number 658.8 F226c
100 ## - ASIENTO PRINCIPAL -- NOMBRE PERSONAL
Personal name Faria, A. J.
245 ## - TÍTULO PROPIAMENTE DICHO: SUBTÍTULO
Title Complete simulación dinámica de marketing / A. J. Faria, E. O. Nulsen y D. S. Roussos
250 ## - MENCIÓN DE EDICIÓN
Edition statement 4
264 ## - PRODUCTION, PUBLICATION, DISTRIBUTION, MANUFACTURE, AND COPYRIGHT NOTICE
Place of production, publication, distribution, manufacture México : McGraw-Hill
300 ## - PHYSICAL DESCRIPTION
Extensión 210 p
500 ## - GENERAL NOTE
General note Donado
650 ## - ASIENTO SECUNDARIO DE MATERIA -- TERMINO TEMÁTICO
Termino Temático Como Elemento de Entrada 1.Administración de Mercadotecnia
700 ## - ASIENTO SECUNDARIO -- NOMBRE PERSONAL
Personal name Nulsen, R. O. II.Roussos, D. S.Ì
942 ## - ADDED ENTRY ELEMENTS (KOHA)
Source of classification or shelving scheme Dewey Decimal Classification
Koha item type Libros
Existencias
Withdrawn status Lost status Source of classification or shelving scheme Damaged status Not for loan Current library Date acquired Total Checkouts Full call number Barcode Date last seen Price effective from Koha item type
    Dewey Decimal Classification     Biblioteca UTECO 09/09/2019   658.8 F226C 011040 09/09/2019 09/09/2019 Libros
© 2021 Derechos Reservados UTECO - Teléfono: +1 809-585-2291 - Correo electrónico: biblioteca@uteco.edu.do​  
Código postal 43000 ​​
Dirección: Avenida Universitaria No. 100, 
Cotuí, Provincia Sánchez Ramírez, República Dominicana - RNC: 404-00059-6